Paroles chanson Color Gitano de Kendji Girac - Statistiques

Statistiques générales
  • Ce quiz a été pris 1 238 fois
    959 depuis la dernière actualisation
  • Le résultat moyen est 163 sur 227
Statistiques - réponses
Paroles % Correct
C'
98%
est
94%
gitano
94%
Gitano,
94%
Gitano
94%
de
92%
Color
91%
color
91%
Un
90%
un
90%
la
89%
qu'
89%
S'
89%
des
88%
Ma
88%
ma
88%
Mi
87%
mi
87%
une
86%
vie
86%
des
83%
le
83%
Le
83%
et
81%
Et
81%
pays
80%
plus
80%
el
79%
façon
79%
peu
79%
voir
79%
cielo
78%
peau
77%
coeur
75%
coeur,
75%
regard
75%
destin,
74%
grand
74%
qui
74%
tous,
74%
tous
74%
amor
73%
sous
73%
couleur
72%
pour
72%
bat
71%
réunis
71%
musique
68%
histoire
67%
cris
65%
maison
63%
Mes
63%
mes
63%
chemin,
62%
chemin
62%
vida
61%
raison
59%
Mon
54%
mon
54%
valeurs
52%
Les
50%
les
50%
tu
44%
au
42%
sans
41%
ton
41%
Dans
40%
dans
40%
du
40%
fuerza
40%
mien
40%
fin
39%
nuits
39%
anciens
37%
Mis
37%
passion
37%
croisant
35%
milieu
35%
Nous
35%
soudain
34%
deux
33%
guitares,
33%
couleurs
32%
bonheur
31%
chaleureux
31%
nos
31%
Nos
31%
âme
30%
respect,
30%
deviens
29%
gitanes
29%
mots
28%
liens
26%
coeurs,
24%
flammes
21%
âmes
20%
enflamment,
20%
sangs,
11%
Aucun quiz correspondant
Distribution des résultats
% des personnes avec chaque résultat
Percentile par nombre de réponses
Votre historique - résultats
Vous n’avez pas pris ce quiz depuis la dernière actualisation